Irritational Exuberance, (Record no. 5722)

MARC details
005 - DATE AND TIME OF LATEST TRANSACTION
control field 20250627153418.0
020 ## - INTERNATIONAL STANDARD BOOK NUMBER
International Standard Book Number 0-691-12335-7
082 ## - DEWEY DECIMAL CLASSIFICATION NUMBER
Classification number 332.63'222'0973(dc22) SHI
100 ## - MAIN ENTRY--PERSONAL NAME
Author name SHILLER, R. J.
245 ## - TITLE STATEMENT
Title Irritational Exuberance,
250 ## - EDITION STATEMENT
Edition statement 2nd Ed.
260 ## - PUBLICATION, DISTRIBUTION, ETC.
Place of publication, distribution, etc. New York,
Name of publisher, distributor, etc. Princeton University Press,
Date of publication, distribution, etc. 2005.
300 ## - PHYSICAL DESCRIPTION
Extent xxv, 304p,: ill.; figure, table
Other physical details Index
Dimensions 24cm
942 ## - ADDED ENTRY ELEMENTS (KOHA)
Source of classification or shelving scheme Dewey Decimal Classification
Koha item type Books
Holdings
Date last seen Total checkouts Full call number Barcode Cost, replacement price Price effective from Koha item type Lost status Source of classification or shelving scheme Damaged status Not for loan Withdrawn status Home library Current library Shelving location Date acquired Cost, normal purchase price
06/27/2025   332.63'222'0973(dc22) SHI DOM0002628 165000.00 06/27/2025 Books   Dewey Decimal Classification       CBE Dodoma CBE Dodoma General Collection 04/26/2010 55000.00